Missing Word: 1980s TV Shows A-Z Quiz Stats

Quiz Updated Sep 27, 2017

Challenge
Share
Tweet
Embed
Score 0/25 Timer 03:00
5 Plays Today
Show Word % Correct
The _____ Winfrey ShowOprah
97.8%
Late Night with _____ LettermanDavid
97.6%
Star Trek: The ____ GenerationNext
97.3%
The A-____Team
97.1%
21 ____ StreetJump
96.6%
___, Lose or DrawWin
96%
______, P.I.Magnum
94.7%
______ TiesFamily
93.9%
The Wonder _____Years
93.9%
_____ Second CountsEvery
93%
The ____ and the BeautifulBold
91.2%
The ______ GirlsGolden
90.1%
Highway to ______Heaven
89.4%
Show Word % Correct
_______ LeapQuantum
89.2%
Fraggle ____Rock
87.4%
______ RiderKnight
86.2%
Cagney & _____Lacey
84.9%
The People's _____Court
82%
___ Your MoveIt's
81.6%
Remington ______Steele
80.1%
________ MysteriesUnsolved
73.5%
Showtime at the ______Apollo
64.8%
Spiral ____Zone
32.7%
She-Ra: Princess of _____Power
26.3%
_____ Music BoxVideo
17.7%

Today's Daily Dose

Missing Word
For Dummies Books

Word Ladder
Ariana Grande

Quick Pick
1970s Authors

On This Day
June 21st II

You're not logged in!

Compare scores with friends on all Sporcle quizzes.
Join for Free
OR
Log In

You Might Also Like...

Show Comments

Extras

Top Quizzes Today


Score Distribution

Your Account Isn't Verified!

In order to create a playlist on Sporcle, you need to verify the email address you used during registration. Go to your Sporcle Settings to finish the process.

Report this User

Report this user for behavior that violates our Community Guidelines.

Details: